• 首页
  • 本馆介绍
  • 公告通知
  • 最新文献
  • 馆藏检索
  • 电子资源
  • 读者导购
  • 参考咨询
  • 我的图书馆
  • 登录
  • 详细信息显示
  • 放入我的书架
  • 预约/预借图书
  • 作者相关作品
  • 分类相关作品
  • 丛书相关作品
  • 出版社相关作品

书目信息

  • 表格格式
  • 工作单格式
  • 卡片格式
题名:
最新市场监督管理法律政策全书
    
 
作者: ;中国法制出版社 , 中国法制出版社 编
分册:  
出版信息: 北京   中国法制出版社  2021
页数: 529页
开本: 21cm
丛书名: 最新法律政策全书系列
单 册:
中图分类: D922.294.9 , D922.29
科图分类:
主题词: 市场监管--法规--中国--汇编
电子资源:
ISBN: 978-7-5216-1438-1
000 01065nam0 2200289 450
001 2268887467
005 20221017090430.31
010    @a978-7-5216-1438-1@dCNY68.00
100    @a20210201d2021 em y0chiy50 ea
101 0  @achi
102    @aCN@b110000
105    @ay zn 000yy
200 1  @a最新市场监督管理法律政策全书@9zui xin shi chang jian du guan li fa lv zheng ce quan shu@f中国法制出版社编@FZhong Guo Fa Zhi Chu Ban She Bian
205    @a6版
210    @a北京@c中国法制出版社@d2021
215    @a529页@d21cm
225 2  @a最新法律政策全书系列
314    @a编者取自CIP数据
330    @a本书共分十部分,内容包括:综合、竞争执法、直销监管、消费保护、市场规范管理、食品流通监管、企业注册、外资注册、个私监管、广告监管。
410  0 @12001 @a最新法律政策全书系列
606 0  @a市场监管@x法规@y中国@j汇编
690    @aD922.294.9@v5
690    @aD922.29@v4
711 02 @a中国法制出版社@9zhong guo fa zhi chu ban she@4编
711 02 @a中国法制出版社@AZhong Guo Fa Zhi Chu Ban She@4编
801  0 @aCN@b91MARC@c20210213
905    @aZUCC@dD922.29@e182-6
    
    最新市场监督管理法律政策全书/中国法制出版社编.-6版.-北京:中国法制出版社,2021
    529页;21cm.-(最新法律政策全书系列)
    
    
    ISBN 978-7-5216-1438-1:CNY68.00
    本书共分十部分,内容包括:综合、竞争执法、直销监管、消费保护、市场规范管理、食品流通监管、企业注册、外资注册、个私监管、广告监管。
●
相关链接 在五车中查询图书 在当当中查询图书 在豆瓣中查询图书


正题名:最新市场监督管理法律政策全书     索取号:D922.29/182-6         预约/预借

序号 登录号 条形码 馆藏地/架位号 状态 备注
1 2000912221   2000912221   第三书库/ [索取号:D922.29/182-6] 在馆    
2 2000912222   2000912222   第三书库/ [索取号:D922.29/182-6] 在馆    
3 2000912223   2000912223   第三书库/ [索取号:D922.29/182-6] 在馆    
山东省滨州职业学院图书馆 欢迎您!
大连网信软件有限公司© 版权所有